000 00651nam a2200241Ia 4500
003 OSt
005 20220928122237.0
006 a|||||r|||| 00| 0
007 ta
008 220927b |||||||| |||| 00| 0 eng d
024 _a290
037 _cTextual
040 _aSDCL
_cSDCL
_beng
041 _2eng
_aeng
082 _aX61, P6
100 _aGardiner Geoffrey W
_9456839
245 0 _aEvolution of creditary structures and controls
260 _aNew York
_b Palgrave Macmillan
_c2006
300 _axiv,277p
_ccm.
650 _aCredit
_9355682
942 _hX61, P6
_cTEXL
_2CC
999 _c770396
_d770396